Conversación en Mandarín para principiantes I (en idioma chino)
Gespeichert in:
| Format: | Buch |
|---|---|
| Sprache: | Undetermined |
| Veröffentlicht: |
[Lugar de publicación no identificado]
[Editor no identificaco]
[s.f.]
|
| Schlagworte: | |
| Tags: |
Tag hinzufügen
Keine Tags, Fügen Sie den ersten Tag hinzu!
|
MARC
| LEADER | 00000nam a2200000Ia 4500 | ||
|---|---|---|---|
| 008 | 170316s9999 xx 000 0 und d | ||
| 090 | |a 415-CH C-1con v.1 | ||
| 245 | |a Conversación en Mandarín para principiantes I (en idioma chino) | ||
| 260 | |a [Lugar de publicación no identificado] | ||
| 260 | |b [Editor no identificaco] | ||
| 260 | |c [s.f.] | ||
| 300 | |a [75 páginas] | ||
| 650 | |a GRAMÁTICA CHINA | ||
| 650 | |a DIÁLOGOS EN CHINO - MANDARÍN | ||
| 999 | |c 18878 |d 18878 | ||
| 040 | |a cru BVZT | ||
| 942 | |c 15 D |h 415-CH C-1con v.1 |2 z | ||
